Words Starting with X - Statistics

General Stats
  • This quiz has been taken 2 times
  • The average score is 12 of 383
Answer Stats
Words % Correct
X
100%
XENON
100%
XYLOPHONE
100%
XANADU
50%
XANADUS
50%
XANTHAN
50%
XANTHIN
50%
XENIA
50%
XENIAS
50%
XENONS
50%
XENOPHOBIA
50%
XEROX
50%
XEROXES
50%
XI
50%
XIS
50%
XRAY
50%
XU
50%
XYLITOL
50%
XYLITOLS
50%
XYLOGRAPH
50%
XYLOPHONES
50%
XANCIDAE
0%
XANCUS
0%
XANTEIN
0%
XANTHAMIDE
0%
XANTHAMIDES
0%
XANTHANS
0%
XANTHATE
0%
XANTHATES
0%
XANTHATION
0%
XANTHATIONS
0%
XANTHEINS
0%
XANTHELASMA
0%
XANTHELASMAS
0%
XANTHENE
0%
XANTHENES
0%
XANTHIAN
0%
XANTHIC
0%
XANTHIDAE
0%
XANTHIDIUM
0%
XANTHINE
0%
XANTHINES
0%
XANTHINS
0%
XANTHIPPE
0%
XANTHIPPES
0%
XANTHISM
0%
XANTHISMS
0%
XANTHIUM
0%
XANTHOCEPHALUS
0%
XANTHOCERAS
0%
XANTHOCHROI
0%
XANTHOCHROIC
0%
XANTHOCHROID
0%
XANTHOCHROISM
0%
XANTHOCHROISMS
0%
XANTHOCHROMIA
0%
XANTHOCHROMIAS
0%
XANTHOCHROMIC
0%
XANTHOCHROOUS
0%
XANTHOCONITE
0%
XANTHOCONITES
0%
XANTHODERM
0%
XANTHODERMA
0%
XANTHODERMAS
0%
XANTHODERMS
0%
XANTHOGEN
0%
XANTHOGENATE
0%
XANTHOGENATES
0%
XANTHOGENS
0%
XANTHOMA
0%
XANTHOMAS
0%
XANTHOMATA
0%
XANTHOMATOSES
0%
XANTHOMATOSIS
0%
XANTHOMATOUS
0%
XANTHOMELANOI
0%
XANTHOMELANOUS
0%
XANTHOMETER
0%
XANTHOMETERS
0%
XANTHOMONAD
0%
XANTHOMONADS
0%
XANTHOMONAS
0%
XANTHONE
0%
XANTHONES
0%
XANTHOPHORE
0%
XANTHOPHORES
0%
XANTHOPHYCEAE
0%
XANTHOPHYLL
0%
XANTHOPHYLLITE
0%
XANTHOPHYLLITES
0%
XANTHOPHYLLS
0%
XANTHOPSIA
0%
XANTHOPTERIN
0%
XANTHOPTERINS
0%
XANTHOPURPURIN
0%
XANTHOPURPURINS
0%
XANTHORHAMNIN
0%
XANTHORHAMNINS
0%
XANTHORHIZA
0%
XANTHORHIZAS
0%
XANTHORIA
0%
XANTHORRHIZA
0%
XANTHORRHIZAS
0%
XANTHORRHOEA
0%
XANTHORRHOEAS
0%
XANTHOSES
0%
XANTHOSIDERITE
0%
XANTHOSIDERITES
0%
XANTHOSINE
0%
XANTHOSINES
0%
XANTHOSOMA
0%
XANTHOTRICHOUS
0%
XANTHOURA
0%
XANTHOUS
0%
XANTHOXENITE
0%
XANTHOXENITES
0%
XANTHOXYLACEAE
0%
XANTHOXYLETIN
0%
XANTHOXYLETINS
0%
XANTHOXYLIN
0%
XANTHTOXIN
0%
XANTHTOXINS
0%
XAT
0%
XATS
0%
XEBEC
0%
XEBECS
0%
XEMA
0%
XENARTHRA
0%
XENARTHRAN
0%
XENARTHRANS
0%
XENARTHROUS
0%
XENELASIA
0%
XENELASIAS
0%
XENIAL
0%
XENIC
0%
XENICALLY
0%
XENIUM
0%
XENIZATION
0%
XENIZATIONS
0%
XENOBIOTIC
0%
XENOCRYST
0%
XENOCRYSTS
0%
XENODIAGNOSIS
0%
XENODIAGNOSTIC
0%
XENOGAMIES
0%
XENOGAMY
0%
XENOGENEIC
0%
XENOGENESES
0%
XENOGENESIS
0%
XENOGENETIC
0%
XENOGENIC
0%
XENOGENIES
0%
XENOGENY
0%
XENOGRAFT
0%
XENOGRAFTING
0%
XENOGRAFTS
0%
XENOLITH
0%
XENOLITHIC
0%
XENOLITHS
0%
XENOLOGY
0%
XENOMANIE
0%
XENOMANIES
0%
XENOMORPH
0%
XENOMORPHIC
0%
XENOMORPHS
0%
XENOPHILE
0%
XENOPHILES
0%
XENOPHILIC
0%
XENOPHILISM
0%
XENOPHILISMS
0%
XENOPHILOUS
0%
XENOPHILY
0%
XENOPHOBE
0%
XENOPHOBES
0%
XENOPHOBIAS
0%
XENOPHOBIC
0%
XENOPHOBOUS
0%
XENOPHONTIAN
0%
XENOPLASTIC
0%
XENOPLASTICALLY
0%
XENOPUS
0%
XENOPUSES
0%
XENOTIME
0%
XENOTIMES
0%
XENOTRANSPLANT
0%
XENOTRANSPLANTATION
0%
XENOTROPIC
0%
XENYL
0%
XENYLAMINE
0%
XERAMPELINAE
0%
XERAMPELINUS
0%
XERANTHEMUM
0%
XERARCH
0%
XERASIA
0%
XERASIAS
0%
XERIC
0%
XERICALLY
0%
XERIPPES
0%
XERISCAPE
0%
XERISCAPES
0%
XERISCAPING
0%
XERODERMA
0%
XERODERMAS
0%
XERODERMATIC
0%
XERODERMIA
0%
XERODERMIAS
0%
XERODERMIC
0%
XEROGRAPH
0%
XEROGRAPHED
0%
XEROGRAPHIC
0%
XEROGRAPHICALLY
0%
XEROGRAPHS
0%
XEROGRAPHY
0%
XEROMORPH
0%
XEROMORPHIC
0%
XEROMORPHISM
0%
XEROMORPHISMS
0%
XEROMORPHS
0%
XEROMORPHY
0%
XEROPHILE
0%
XEROPHILES
0%
XEROPHILIC
0%
XEROPHILOUS
0%
XEROPHTHALMIA
0%
XEROPHTHALMIAS
0%
XEROPHTHALMIC
0%
XEROPHTHALMUS
0%
XEROPHYLE
0%
XEROPHYLLUM
0%
XEROPHYTE
0%
XEROPHYTES
0%
XEROPHYTIC
0%
XEROSERE
0%
XEROSERES
0%
XEROSES
0%
XEROSIS
0%
XEROSTOMIA
0%
XEROSTOMIAS
0%
XEROTES
0%
XEROTHERMIC
0%
XEROTIC
0%
XEROTRIOPS
0%
XEROXED
0%
XEROXING
0%
XERS
0%
XERUS
0%
XERUSES
0%
XHOSA
0%
XHOSAS
0%
XINCA
0%
XINCAS
0%
XIPHIAS
0%
XIPHIIDAE
0%
XIPHIIFORM
0%
XIPHISISTERNAL
0%
XIPHISTERNA
0%
XIPHISTERNUM
0%
XIPHISTERNUMS
0%
XIPHOID
0%
XIPHOIDIAN
0%
XIPHOIDS
0%
XIPHOPAGUS
0%
XIPHOSURA
0%
XIPHOSURAN
0%
XIPHOSURANS
0%
XIPHOSURES
0%
XMAS
0%
XOANA
0%
XOANON
0%
XOANONS
0%
XOSA
0%
XTRA
0%
XUREL
0%
XURELS
0%
XYELA
0%
XYELIDAE
0%
XYLAN
0%
XYLANASE
0%
XYLANASES
0%
XYLANS
0%
XYLARIA
0%
XYLARIACEAE
0%
XYLARY
0%
XYLEBORUS
0%
XYLEM
0%
XYLEMS
0%
XYLENE
0%
XYLENES
0%
XYLENOL
0%
XYLENOLS
0%
XYLEUTES
0%
XYLIA
0%
XYLIDIN
0%
XYLIDINE
0%
XYLIDINES
0%
XYLIDINS
0%
XYLINDER
0%
XYLINDERS
0%
XYLOBALSAMUM
0%
XYLOCARP
0%
XYLOCARPOUS
0%
XYLOCARPS
0%
XYLOCOPA
0%
XYLOCOPIDAE
0%
XYLOGLYPHY
0%
XYLOGRAPHED
0%
XYLOGRAPHER
0%
XYLOGRAPHERS
0%
XYLOGRAPHIC
0%
XYLOGRAPHICAL
0%
XYLOGRAPHICALLY
0%
XYLOGRAPHIES
0%
XYLOGRAPHING
0%
XYLOGRAPHS
0%
XYLOGRAPHY
0%
XYLOID
0%
XYLOIDIN
0%
XYLOIDINS
0%
XYLOKETOSE
0%
XYLOKETOSES
0%
XYLOL
0%
XYLOLOGY
0%
XYLOLS
0%
XYLOMANCY
0%
XYLOMETER
0%
XYLOMETERS
0%
XYLON
0%
XYLONES
0%
XYLONITE
0%
XYLONITES
0%
XYLOPHAGA
0%
XYLOPHAGIDAE
0%
XYLOPHAGOUS
0%
XYLOPHILOUS
0%
XYLOPHONIC
0%
XYLOPHONIST
0%
XYLOPHONISTS
0%
XYLOPIA
0%
XYLOPOROSIS
0%
XYLOPYROGRAPHY
0%
XYLOQUINONE
0%
XYLOQUINONES
0%
XYLORIMBA
0%
XYLORIMBAS
0%
XYLOSE
0%
XYLOSES
0%
XYLOSMA
0%
XYLOSTROMA
0%
XYLOSTROMAS
0%
XYLOSTROMATA
0%
XYLOTILE
0%
XYLOTILES
0%
XYLOTOMIC
0%
XYLOTOMICAL
0%
XYLOTOMIES
0%
XYLOTOMIST
0%
XYLOTOMISTS
0%
XYLOTOMOUS
0%
XYLOTOMY
0%
XYLOTRYA
0%
XYLOTYPOGRAPHY
0%
XYLOTYPOUGRAPHIC
0%
XYLYL
0%
XYLYLENE
0%
XYLYLENES
0%
XYLYLS
0%
XYPHOID
0%
XYPHOIDS
0%
XYRIDACEAE
0%
XYRIDALES
0%
XYRIS
0%
XYST
0%
XYSTA
0%
XYSTAS
0%
XYSTER
0%
XYSTERS
0%
XYSTI
0%
XYSTOI
0%
XYSTOS
0%
XYSTS
0%
XYSTSES
0%
XYSTUS
0%
No matching quizzes found
Score Distribution
Percent of People with Each Score
Percentile by Number Answered
Your Score History
You have not taken this quiz